Human biology

The chapter opening "Impacts, Issues" case study focuses students on a key biology-related societal issue and is revisited throughout the chapter. Then the chapter's "How Would You Vote?" feature asks students to consider a related news topics, gather and evaluate pro/con in...

সম্পূর্ণ বিবরণ

সংরক্ষণ করুন:
গ্রন্থ-পঞ্জীর বিবরন
প্রধান লেখক: Starr, Cecie
বিন্যাস: গ্রন্থ
ভাষা:Undetermined
প্রকাশিত: Australia Thomson Brooks/Cole 2005
বিষয়গুলি:
ট্যাগগুলো: ট্যাগ যুক্ত করুন
কোনো ট্যাগ নেই, প্রথমজন হিসাবে ট্যাগ করুন!
Thư viện lưu trữ: Trung tâm Học liệu Trường Đại học Cần Thơ
LEADER 00882nam a2200217Ia 4500
001 CTU_123506
008 210402s9999 xx 000 0 und d
020 |c 1996000 
082 |a 612 
082 |b S796 
100 |a Starr, Cecie 
245 0 |a Human biology 
245 0 |c Cecie Starr, Beverly McMillan. 
260 |a Australia 
260 |b Thomson Brooks/Cole 
260 |c 2005 
520 |a The chapter opening "Impacts, Issues" case study focuses students on a key biology-related societal issue and is revisited throughout the chapter. Then the chapter's "How Would You Vote?" feature asks students to consider a related news topics, gather and evaluate pro/con information, apply knowledge, and cast a vote on the Web 
650 |a Human biology 
904 |i Minh 
910 |a Sách kèm đĩa AV.000795 
980 |a Trung tâm Học liệu Trường Đại học Cần Thơ